| 000 | 01144nab a22002057a 4500 | ||
|---|---|---|---|
| 999 |
_c6404 _d6404 |
||
| 003 | OSt | ||
| 005 | 20260202111703.0 | ||
| 008 | 190429b xxu||||| |||| 00| 0 spa d | ||
| 040 | _cPJ | ||
| 100 |
_92190 _aErbetta, Daniel |
||
| 245 | 1 | 0 |
_aResponsabilidad penal de las personas jurídicas y programas de cumplimiento en el derecho argentino /
_cDaniel Erbetta. |
| 260 |
_cCiudad Autónoma de Buenos Aires : _aThomson Reuters La Ley, _b2023. |
||
| 300 | _ap. 5-12 | ||
| 500 | _aCita Online: AR/DOC/1518/2023. | ||
| 505 | _aSumario: I. Introducción.— II. Genealogía y justificaciones.— III. Las elaboraciones conceptuales.— IV. Estado actual de la cuestión en el derecho y jurisprudencia.— V. El desorden normativo y sus niveles de operatividad.— VI. El anclaje constitucional y convencional.— VII. Conclusiones. | ||
| 505 | _tSi te interesa el texto completo, solicitalo a koha@justierradelfuego.gov.ar | ||
| 650 | 0 |
_9343 _aDERECHO PENAL |
|
| 773 | 0 |
_02658 _93164 _tRevista de derecho penal y criminología. Nº 7 - Agosto 2023 _dCiudad Autónoma de Buenos Aires : Thomson Reuters La Ley, 2017- _x00347914 |
|
| 942 |
_2udc _cANA |
||